000
00376nam a2200145Ia 4500
008
100122s9999 xx 000 0 und d
082
_b
42537
_a
823
100
_a
राजे शैलजा
245
_a
सौदा
260
_b
अरविंद तेंडूलकर
_c
1989
300
_a
172
630
_a
सौदा
730
_a
सौदा
942
_c
BOOK
999
_c
422918
_d
422915